Harry Potter Death Eaters - Statistics

General Stats
  • This quiz has been taken 16 times
  • The average score is 16 of 28
Answer Stats
Name % Correct
Bellatrix Lestrange
90%
Crabbe
80%
Goyle
80%
Lucius Malfoy
80%
Severus Snape
80%
Peter Pettigrew
70%
Rodolphus Lestrange
70%
Alecto Carrow
60%
Amycus Carrow
60%
Avery
60%
Draco Malfoy
60%
Igor Karkaroff
60%
Rabastan Lestrange
60%
Regulus Black
60%
Augustus Rookwood
50%
Bartemius Crouch Jr.
50%
Evan Rosier
50%
Mulciber
50%
Theodore Nott
50%
Walden Macnair
50%
Antonin Dolohov
40%
Corban Yaxley
40%
Jugson
40%
Selwyn
40%
Travers
40%
Wilkes
40%
Gibbon
30%
Thorfinn Rowle
30%
No matching quizzes found
Score Distribution
Percent of People with Each Score
Percentile by Number Answered
Your Score History
You have not taken this quiz